Normal view
MARC view
- الفقه الاسلامي- اصول
Entry Topical Term
001 - CONTROL NUMBER
- control field: 40787
003 - CONTROL NUMBER IDENTIFIER
- control field: JO-AjAnu
005 - DATE AND TIME OF LATEST TRANSACTION
- control field: 20230606080756.0
008 - FIXED-LENGTH DATA ELEMENTS
- fixed length control field: 230606|| aca||aabn | a|a d
040 ## - CATALOGING SOURCE
- Original cataloging agency: JO-AjAnu
- Transcribing agency: JO-AjAnu
150 ## - HEADING--TOPICAL TERM
- Topical term or geographic name entry element: الفقه الاسلامي- اصول
670 ## - SOURCE DATA FOUND
- Source citation: Work cat.: (JO-AjAnu)20905: أبو عيد، العبد خليل, author 40786, مباحث في أصول الفقه الإسلامي